000 01363nam a22003851 4500
001 50825
003 BD-RjUL
005 20211209075554.0
008 160828s1968 cau b 100 0 eng
035 _aBD-RjUL50945
035 _a(OCoLC)00173888
035 _aGLIS00512843
040 _aDLC
_cDLC
_dm.c.
_dRCD
_beng
041 _aeng
082 _223
_a378
_bSTR 1968
090 _aLB2301
_b.S915
099 _aLB2301.S915
245 0 0 _aStress and campus response /
250 _a[1st ed.]
260 _aSan Francisco :
_bJossey-Bass,
_c1968.
300 _axviii, 297 p. ;
_c24 cm.
490 1 _aCurrent issues in higher education ;
_v1968
490 1 _aJossey-Bass series in higher education
500 _aBased on essays selected from the Twenty-third National Conference on Higher Education.
500 _a"A publication of the American Association for Higher Education."
504 _aBibliographical footnotes.
650 0 _aEducation, Higher
_zUnited States.
_9152137
710 2 _aAmerican Association for Higher Education.
_9152138
711 2 _aNational Conference on Higher Education
_n(23rd :
_d1968 :
_cChicago, Ill.)
_9152139
830 0 _aCurrent issues in higher education ;
_v1968.
_9152149
830 0 _aJossey-Bass series in higher education.
_9152150
942 _2ddc
_cBK
949 _aMYGH
_aMYGH
999 _c50825
_d50825